French Numbers - Statistics

General Stats
  • This quiz has been taken 62 times
  • The average score is 18 of 24
Answer Stats
Hint Answer % Correct
1 un
100%
2 deux
98%
4 quatre
96%
5 cinq
94%
3 trois
94%
10 dix
92%
20 vingt
88%
21 vingt-et-un
87%
15 quinze
83%
30 trente
79%
50 cinquante
75%
100 un cent
75%
40 quarante
71%
60 soixante
71%
80 quatre-vingt
67%
70 soixante-dix
65%
200 deux cent
63%
1,000 mille
63%
90 quatre-vingt dix
62%
1,000,000 un million
58%
150 cent cinquante
56%
99 quatre vingt dix neuf
56%
10,000 dix mille
54%
1,000,000,000 un milliard
29%
No matching quizzes found
Score Distribution
Percent of People with Each Score
Percentile by Number Answered
Your Score History
You have not taken this quiz